Statistics for Random US cities on a Scrambled Map

Click here to take the quiz!

General Stats

  • This quiz has been taken 135 times
  • The average score is 12 of 20

Answers on the Map

Answers color-coded by a green-red scale on the quiz's map according to % correct below.
 

Answer Stats

City% Correct
Albuquerque
100%
Austin
100%
Baltimore
100%
Bismarck
100%
Boise
100%
Boston
100%
Buffalo
100%
Chicago
100%
Denver
100%
Fresno
100%
Harrisburg
100%
Helena
100%
Jacksonville
100%
Las Vegas
100%
Lincoln
100%
Los Angeles
100%
Madison
100%
Miami
100%
Minneapolis
100%
Montgomery
100%
Montpelier
100%
Nashville
100%
New York City
100%
Phoenix
100%
Pierre
100%
Pittsburgh
100%
Richmond
100%
Salt Lake City
100%
San Diego
100%
Springfield
100%
Tampa
100%
Tulsa
100%
Virginia Beach
100%
Olympia
50%
Portland
50%
Rochester
50%
Santa Fe
50%
Albany
0%
Annapolis
0%
Atlanta
0%
Augusta
0%
Baton Rouge
0%
Birmingham
0%
Bridgeport
0%
Carson City
0%
Charleston
0%
Charlotte
0%
Cheyenne
0%
Cincinnati
0%
Cleveland
0%
Colorado Springs
0%
Columbia
0%
Columbus
0%
Concord
0%
Dallas
0%
Des Moines
0%
Detroit
0%
Dover
0%
El Paso
0%
Frankfort
0%
Grand Rapids
0%
Hartford
0%
Houston
0%
Indianapolis
0%
Jackson
0%
Jefferson City
0%
Kansas City
0%
Lansing
0%
Little Rock
0%
Louisville
0%
Memphis
0%
Milwaukee
0%
Nashville
0%
New Orleans
0%
Oklahoma City
0%
Omaha
0%
Orlando
0%
Philadelphia
0%
Providence
0%
Raleigh
0%
Riverside -
San Bernardino
0%
Sacramento
0%
Sacramento
0%
Salem
0%
San Antonio
0%
San Francisco
0%
San Jose
0%
Seattle
0%
Tallahassee
0%
Topeka
0%
Trenton
0%
Tucson
0%
Worcester
0%

Score Distribution

Percentile by Number Answered

Percent of People with Each Score

Your Score History

You have not taken this quiz